000 00656nam a2200277Ia 4500
005 20260320195842.0
008 008 262003s9999 xx 000 0 hin d
020 _a9788126718634
037 _aEBOOK
040 _aCRL
040 _bhin
040 _cCRL
041 _2hin
041 _ahin
084 _qCRL
100 _aअखिलेश 'भोपाल'
_91133321
245 0 _aमक़बूल
250 _a1st
260 _bRajkamal
260 _c2010
300 _a96
856 _uhttps://ebook.indiaread.in/pdfs/maqbool_by_akhilesh_f__compressed.pdf
942 _cEBOOK
999 _c1716850
_d1716850